| 000 | 00543nam a22001697a 4500 | ||
|---|---|---|---|
| 003 | MACL | ||
| 005 | 20160727132615.0 | ||
| 008 | 160727b xxu||||| |||| 00| 0 eng d | ||
| 040 | _cMACL | ||
| 041 | _aHindi | ||
| 082 | _a200 JAY | ||
| 100 |
_aजयरामन, पी _965491 |
||
| 245 |
_aसन्त वाणी _cपी. जयरामन |
||
| 260 |
_aचैन्नई _bतलिनाडु हिन्दी साहित्य अकादमी _c2014 |
||
| 650 |
_aधर्म _965493 |
||
| 942 |
_2ddc _cHIN |
||
| 999 |
_c55115 _d55115 |
||